Դաստակերտ : (Record no. 365013)
[ view plain ]
| 000 -LEADER | |
|---|---|
| fixed length control field | 00840nam a2200217 a 4500 |
| 001 - CONTROL NUMBER | |
| control field | 001137691 |
| 003 - CONTROL NUMBER IDENTIFIER | |
| control field | AM-YeHGA |
| 005 - DATE AND TIME OF LATEST TRANSACTION | |
| control field | 20250618074519.0 |
| 008 - FIXED-LENGTH DATA ELEMENTS--GENERAL INFORMATION | |
| fixed length control field | 080530s2016 ai | |||||||||||||arm|d |
| 020 ## - INTERNATIONAL STANDARD BOOK NUMBER | |
| International Standard Book Number | 9789939603469 |
| 040 ## - CATALOGING SOURCE | |
| Original cataloging agency | AM-YeHGA |
| 041 0# - LANGUAGE CODE | |
| Language code of text/sound track or separate title | arm |
| 090 ## - LOCALLY ASSIGNED LC-TYPE CALL NUMBER (OCLC); LOCAL CALL NUMBER (RLIN) | |
| -- | 366873 |
| 100 1# - MAIN ENTRY--PERSONAL NAME | |
| Personal name | Սուքիասյան, Ալեքսանդր |
| 245 10 - TITLE STATEMENT | |
| Title | Դաստակերտ : |
| Remainder of title | [Բանաստեղծություններ, հուշեր] / |
| Statement of responsibility, etc. | Ա. Սուքիասյան ; Խմբ. և առաջաբ.՝ Յ.Ա. Սահակյան. |
| 260 ## - PUBLICATION, DISTRIBUTION, ETC. | |
| Place of publication, distribution, etc. | Երևան : |
| Name of publisher, distributor, etc. | ՎՄՎ-Պրինտ, |
| Date of publication, distribution, etc. | 2016. |
| 300 ## - PHYSICAL DESCRIPTION | |
| Extent | 76 էջ : |
| Other physical details | 1 էջ դիմանկ. ; |
| Dimensions | 21 սմ. |
| 650 14 - SUBJECT ADDED ENTRY--TOPICAL TERM | |
| Topical term or geographic name entry element | Հայ պոեզիա |
| 650 14 - SUBJECT ADDED ENTRY--TOPICAL TERM | |
| Topical term or geographic name entry element | Հայ հուշագրություն |
| 9 (RLIN) | 5766 |
| 700 1# - ADDED ENTRY--PERSONAL NAME | |
| Personal name | Արտավազդ, Յուրի, |
| Miscellaneous information | (Յուրի Արտավազդի Սահակյան), |
| Dates associated with a name | 1934- |
| Relator term | խմբ. |
| Relationship | edt |
| Withdrawn status | Lost status | Damaged status | Not for loan | Collection | Home library | Current library | Date acquired | Cost, normal purchase price | Shelving control number | Total checkouts | Full call number | Barcode | Date last seen | Price effective from | Koha item type | Public note |
|---|---|---|---|---|---|---|---|---|---|---|---|---|---|---|---|---|
| General | Fundamental Scientific Library | Fundamental Scientific Library | 11/01/2017 | 800.00 | AII/101428 | FL0397601 | 11/01/2017 | 11/01/2017 | Գրքեր / Books | 30 Days Loan | ||||||
| General | Fundamental Scientific Library | Fundamental Scientific Library | 11/01/2017 | 800.00 | AII/101429 | FL0397602 | 11/01/2017 | 11/01/2017 | Գրքեր / Books | 30 Days Loan |
ՀՀ Գիտությունների ազգային ակադեմիայի հիմնարար գիտական գրադարան = Fundamental Scientific Library of NAS RA
All site content, except where otherwise noted, is licensed under a